Дело об учреждении при Елисаветградской еврейской талмуд-торе ремесленного отделения из трех ремесел в память 25-летнего царство...

Доступно только в Электронных читальных залах Найти на картеНа карте
RUSMARC
00003770nmc2a22002413x 450
0013758f108-c85d-4b5e-be22-b43dc6214267
00520210820032219.0
100##$a20210323l18801880k l0rusy0189 ca
1010#$arus
102##$aRU
105##$ay###
1222#$ad
2001#$aДело об учреждении при Елисаветградской еврейской талмуд-торе ремесленного отделения из трех ремесел в память 25-летнего царствования государя императора
$j18 марта - 13 сентября 1880 г.
215##$a9 л.
$d36,5х26 см
251##$cДело
300##$aДело
371##$aДокумент не является опубликованным и широко распространяемым
461#0$1001a74412a3-3cc5-4d21-8f0a-dfe2fbd9e72d
$12001
$aДепартамент народного просвещения Министерства народного просвещения (1803-1917)
$1251
$cФонд
$1852
$j733
462#0$1001208a61b7-2020-4ed4-afdc-eeb27c3654e1
$12001
$aДела Департамента народного просвещения по части образования евреев (1863-1892 гг.)
$1251
$cОпись
$1852
$j189
801#0$aRU
$bРГИА
$c20210323
$gRCR
801#1$aRU
$bГлавНИВЦ
$c20210323
$2rusmarc
801#2$aRU
$bПБ им. Б.Н. Ельцина
$c20210820
$gRCR
$2rusmarc
850##$aРГИА
852##$aРГИА
$eФедеральное казенное учреждение "Российский государственный исторический архив" (РГИА)
$j610
937##$hРГИА
$d12361958
$aASBIBLIO_SCAN
035##$aRusGRCC00026041
856##$uhttp://readingroom.main.prlib.ru/item.aspx?id_node=n167514478&mode=full
Формат отображения